| Tag |
First Indicator |
Second Indicator |
Subfields |
| LEADER |
00000pam a2200000 a 4500 |
| 001 |
in00000084079 |
| 005 |
20151008055647.0 |
| 008 |
810827s1982 nju b 00110 eng |
| 010 |
|
|
|a 81014446
|
| 020 |
|
|
|a 0810814757
|
| 035 |
|
|
|a (OCoLC)07795827
|
| 035 |
|
|
|9 AAJ4042AM
|
| 039 |
0 |
|
|a 2
|b 3
|c 3
|d 3
|e 3
|
| 040 |
|
|
|a DLC
|c DLC
|d TXA
|d UtOrBLW
|
| 049 |
|
|
|a TXAM
|c [1361952]
|
| 050 |
0 |
0 |
|a Z1037
|b .H779
|a PN1009.A1
|
| 082 |
0 |
|
|a 011/.62
|2 19
|
| 100 |
1 |
|
|a Horner, Catherine Townsend,
|d 1937-
|
| 245 |
1 |
4 |
|a The aging adult in children's books & nonprint media :
|b an annotated bibliography /
|c Catherine Townsend Horner.
|
| 264 |
|
1 |
|a Metuchen, N.J. :
|b Scarecrow Press,
|c 1982.
|
| 300 |
|
|
|a xxiii, 242 pages ;
|c 23 cm.
|
| 336 |
|
|
|a text
|b txt
|2 rdacontent
|
| 337 |
|
|
|a unmediated
|b n
|2 rdamedia
|
| 338 |
|
|
|a volume
|b nc
|2 rdacarrier
|
| 500 |
|
|
|a Includes indexes.
|
| 650 |
|
0 |
|a Children's literature
|v Bibliography.
|
| 650 |
|
0 |
|a Old age in literature
|x Bibliography.
|
| 999 |
|
|
|a MARS
|
| 999 |
f |
f |
|s c766642e-91c7-33f8-8bd7-198d9ca54803
|i ac0bb916-c759-3efc-96b4-2ccd29257856
|t 0
|
| 952 |
f |
f |
|p ric
|a Texas A&M University
|b Rellis Campus
|c Joint Library Facility
|d Remote Storage
|t 0
|e Z1037 .H779
|h Library of Congress classification
|i unmediated -- volume
|m A14806263483
|
| 998 |
f |
f |
|a Z1037 .H779
|t 0
|l Remote Storage
|